<?xml version="1.0" encoding="UTF-8"?>
<marc:record xmlns:marc="http://www.loc.gov/MARC21/slim">
   <marc:leader>00000nam a2200000 a 4500</marc:leader>
   <marc:datafield ind1="1" ind2=" " tag="100">
      <marc:subfield code="a">Staudigl, Fritz</marc:subfield>
      <marc:subfield code="4">edt</marc:subfield>
      <marc:subfield code="e">Bearbeiter/-in</marc:subfield>
   </marc:datafield>
   <marc:datafield ind1="1" ind2=" " tag="100">
      <marc:subfield code="a">Bußjäger, Peter</marc:subfield>
      <marc:subfield code="4">edt</marc:subfield>
      <marc:subfield code="e">Bearbeiter/-in</marc:subfield>
   </marc:datafield>
   <marc:datafield ind1=" " ind2=" " tag="653">
      <marc:subfield code="a">Transnationale Zusammenarbeit</marc:subfield>
   </marc:datafield>
   <marc:datafield ind1=" " ind2=" " tag="653">
      <marc:subfield code="a">Länderkooperation</marc:subfield>
   </marc:datafield>
   <marc:datafield ind1=" " ind2=" " tag="653">
      <marc:subfield code="a">Zwischenstaatlicher Föderalismus</marc:subfield>
   </marc:datafield>
   <marc:datafield ind1=" " ind2=" " tag="653">
      <marc:subfield code="a">Softcover / Recht/Öffentliches Recht</marc:subfield>
   </marc:datafield>
   <marc:datafield ind1=" " ind2=" " tag="653">
      <marc:subfield code="a">Verwaltungsrecht</marc:subfield>
   </marc:datafield>
   <marc:datafield ind1=" " ind2=" " tag="653">
      <marc:subfield code="a">Verfassungsprozessrecht</marc:subfield>
   </marc:datafield>
   <marc:datafield ind1="0" ind2="0" tag="245">
      <marc:subfield code="a">Von der "Revolution der Provinzen" zur Zukunft des Alpenraumes</marc:subfield>
   </marc:datafield>
   <marc:datafield ind1="0" ind2="0" tag="245">
      <marc:subfield code="b">Festschrift 50 Jahre ARGE ALP 1972-2022 = Dalla "rivoluzione delle province" al futuro dell´arco alpino : pubblicazione celebrativa per i 50 anni di ARGE ALP 1972-2022</marc:subfield>
   </marc:datafield>
   <marc:datafield ind1=" " ind2="1" tag="264">
      <marc:subfield code="a">Wien</marc:subfield>
      <marc:subfield code="b">nap, new academic press</marc:subfield>
      <marc:subfield code="c">2022</marc:subfield>
   </marc:datafield>
   <marc:datafield ind1="1" ind2=" " tag="490">
      <marc:subfield code="a">Schriftenreihe des Instituts für Föderalismus</marc:subfield>
      <marc:subfield code="v">138</marc:subfield>
   </marc:datafield>
   <marc:datafield ind1="1" ind2=" " tag="520">
      <marc:subfield code="a">Angaben aus der Verlagsmeldung

Von der Revolution der Provinz zur Zukunft des Alpenraumes : Festschrift 50 Jahre ARGE ALP 1972-2022

Die 1972 gegründete ARGE ALP hat die grenzüberschreitende Kooperation in Europa wesentlich gefördert. Aus Anlass ihres 50-jährigen Bestehens wird die Organisation in einer Festschrift eingehend gewürdigt. Die wissenschaftlichen Beiträge beleuchten die ARGE ALP zunächst aus historischer, sozioökonomischer, rechtswissenschaftlicher und politikwissenschaftlicher Perspektive. Im Anschluss daran stellt jedes Mitgliedsland ein sogenanntes Leuchtturmprojekt vor. Die künftige Ausrichtung der ARGE ALP wird in Erklärungen der Regierungschefs der Mitgliedsregionen sowie Zukunftsvisionen von Jugendlichen thematisiert.
</marc:subfield>
   </marc:datafield>
   <marc:datafield ind1=" " ind2=" " tag="020">
      <marc:subfield code="a">9783700322481</marc:subfield>
      <marc:subfield code="9">9783700322481</marc:subfield>
   </marc:datafield>
   <marc:datafield ind1=" " ind2=" " tag="041">
      <marc:subfield code="a">ger</marc:subfield>
   </marc:datafield>
   <marc:datafield ind1=" " ind2=" " tag="300">
      <marc:subfield code="a">464 Seiten</marc:subfield>
   </marc:datafield>
</marc:record>
